AH International Schools' Libraries

Ancient Romans: (Record no. 47894)

MARC details
000 -LEADER
fixed length control field 00399nam a2200121 4500
020 ## - INTERNATIONAL STANDARD BOOK NUMBER
International Standard Book Number 9781789584998
100 ## - MAIN ENTRY--PERSONAL NAME
Personal name George, Joshua
9 (RLIN) 84098
245 ## - TITLE STATEMENT
Title Ancient Romans:
Remainder of title with over 100 facts & 50 flaps to lift /
Statement of responsibility, etc Joahua George & Ed Myer
260 ## - PUBLICATION, DISTRIBUTION, ETC. (IMPRINT)
Place of publication, distribution, etc UK
Name of publisher, distributor, etc Imagine That Publishing
Date of publication, distribution, etc 2020
300 ## - PHYSICAL DESCRIPTION
Extent unpaged.
Other physical details col. ill.
Dimensions 26 cm.
650 ## - SUBJECT ADDED ENTRY--TOPICAL TERM
Topical term or geographic name as entry element Ancient Romans
Form subdivision Juvenile Literature
9 (RLIN) 85703
942 ## - ADDED ENTRY ELEMENTS (KOHA)
Source of classification or shelving scheme
Koha item type Board Book
Holdings
Withdrawn status Lost status Source of classification or shelving scheme Damaged status Not for loan Collection code Home library Current library Shelving location Date acquired Total Checkouts Full call number Barcode Date last seen Price effective from Koha item type
          TEACHERS' RESOURCES Asian Hope Primary Library Asian Hope Primary Library Board Books 11/20/2024   BB 937.06 GEO 207019 11/20/2024 11/20/2024 Board Book

For any Logos Library related questions please contact Miss Art at swongnarasuk@asianhope.org.

For any Asian Hope Library related questions please contact Miss Raza at graza@asianhope.org.

Powered by Koha